| 000 | 00526nam a2200169Ia 4500 | ||
|---|---|---|---|
| 005 | 20250424120253.0 | ||
| 008 | 250424s9999 xx 000 0 und d | ||
| 022 | _a22770143 | ||
| 050 | _aQH 305.2 .N6/ | ||
| 245 | 0 | _aJournal of biological science and bioconservation | |
| 260 | _aMinna, Niger State. | ||
| 260 | _bCentre for Research and Innovations | ||
| 260 | _c2011 | ||
| 300 | _aix, 174 p. : ill. ; 29 cm. | ||
| 650 | _aBiology--Nigeria--Periodicals. Biodiversity conservation--Nigeria--Periodicals. | ||
| 942 | _cSR | ||
| 999 |
_c38357 _d38357 |
||